Troubleshooting and Repairing computer monitors, 2/e (Record no. 267425)
[ view plain ]
| 000 -LEADER | |
|---|---|
| fixed length control field | 00256 a2200109 4500 |
| 001 - CONTROL NUMBER | |
| control field | 32352 |
| 090 ## - LOCALLY ASSIGNED LC-TYPE CALL NUMBER (OCLC); LOCAL CALL NUMBER (RLIN) | |
| -- | 21730 |
| -- | 21730 |
| 100 ## - MAIN ENTRY--PERSONAL NAME | |
| Personal name | Bigelow Stephen |
| 245 ## - TITLE STATEMENT | |
| Title | Troubleshooting and Repairing computer monitors, 2/e |
| 250 ## - EDITION STATEMENT | |
| Edition statement | 2 |
| 260 ## - PUBLICATION, DISTRIBUTION, ETC. | |
| Place of publication, distribution, etc. | N.Y |
| Name of publisher, distributor, etc. | McGraw Hill |
| Date of publication, distribution, etc. | 1997 |
| 942 ## - ADDED ENTRY ELEMENTS (KOHA) | |
| Institution code [OBSOLETE] | NUST-CAE |
| Withdrawn status | Lost status | Damaged status | Not for loan | Collection code | Permanent Location | Current Location | Date acquired | Total Checkouts | Barcode | Date last seen | Price effective from | Koha item type |
|---|---|---|---|---|---|---|---|---|---|---|---|---|
| College of Aeronautical Engineering (CAE) | College of Aeronautical Engineering (CAE) | 04/03/2017 | CAE71652 | 04/05/2017 | 04/05/2017 | Book |
